Cricket: Most Individual Career Test Ducks - Statistics

General Stats
  • This quiz has been taken 26 times
  • The average score is 11 of 22
Answer Stats
Country Years Innings Ducks Answer % Correct
ENG 2003-2021* 223 28 James Anderson
96%
ENG 2007-2021* 213 36 Stuart Broad
96%
IND 2007-2021* 135 33 Ishant Sharma
83%
AUS 1993-2007 138 35 Glenn McGrath
78%
WI 1984-2001 185 43 Courtney Walsh
74%
WI 1988-2000 145 26 Sir Curtly Ambrose
74%
SL 1992-2010 164 33 Muttiah Muralitharan
70%
AUS 1992-2007 199 34 Shane Warne
70%
IND 2000-2014 127 29 Zaheer Khan
61%
AUS 1985-2004 260 22 Steve Waugh
57%
SA 1998-2009 116 21 Makhaya Ntini
52%
SA 2006-2018 104 22 Morne Morkel
48%
NZ 2000-2013 123 36 Chris Martin
43%
SL 1999-2018 144 23 Rangana Herath
43%
NZ 1987-1997 71 24 Danny Morrison
35%
ENG 2002-2009 86 21 Steve Harmison
30%
PAK 1989-2003 120 21 Waqar Younis
26%
SL 1990-2007 156 22 Marvan Atapattu
22%
IND 1964-1979 80 23 BS Chandrasekhar
17%
PAK 2000-2010 84 25 Danish Kaneria
17%
WI 2012-2021* 79 21 Shannon Gabriel
13%
WI 1997-2004 68 26 Meryvn Dillon
4%
No matching quizzes found
Score Distribution
Percent of People with Each Score
Percentile by Number Answered
Your Score History
You have not taken this quiz